00909nam a2200253Ia 4500003000400000005001700004008004100021020001800062040001800080041000800098082002000106100003200126245008600158250001200244260004400256300003500300650004600335650003000381650004800411700003100459942002900490999001900519952011700538OSt20260127145957.0210716s2011 xx 000 0 und d a9788131759356 cAIMIT LIBRARY aeng a332.1 26bMISF aMishkin, Frederic S9252826 aFinancial markets and institutions /cBy Frederic S Mishkin and Stanley G Eakins. a6th ed. aNew Delhi :bPearson Education ,c2011. axxxix,675,I10p. ;bPBc25.9 cm aFundamentals of financial markets9252827 aFinancial markets9252828 aThe financial institutions industry9252829 aEakins, Stanley G.9252830 2ddccBKe6thk332.1 MISF c185270d185270 001040708MCAaAIMITbAIMITd2021-07-16eDonatedl0o332.1 MISFpMCA04778r2026-05-23 00:00:00w2021-07-16yBK